[Event "IRI-ch U16 Girls"]
[Site "Chess.com INT"]
[Date "2021.01.16"]
[Round "9"]
[White "Safari, Negar"]
[Black "Abbasifar, Baran"]
[Result "0-1"]
[WhiteElo "1372"]
[BlackElo "1513"]
[PlyCount "44"]
[EventDate "2021.01.16"]
[EventType "swiss"]
[EventRounds "9"]
[EventCountry "IRI"]
[SourceTitle "EXT 2022"]
[Source "ChessBase"]
[SourceDate "2021.10.06"]
[SourceVersion "1"]
[SourceVersionDate "2021.10.06"]
[SourceQuality "1"]

1. e4 e6 2. d4 d5 3. exd5 exd5 4. Bd3 Nc6 5. c3 Bd6 6. h3 Qf6 7. Nf3 h6 8. 0-0 Nge7 9. Nbd2 g5 10. Re1 g4 11. hxg4 Bxg4 12. Qc2 Rg8 13. Ne5 Nxe5 14. dxe5 Bxe5 15. Nf1 h5 16. Be3 Bf3 17. Ng3 h4 18. Bd4 Bxd4 19. cxd4 hxg3 20. fxg3 Rxg3 21. Bf1 Qxd4+ 22. Kh1 Rh3# 0-1

[Event "IRI-ch U16 Girls"]
[Site "Chess.com INT"]
[Date "2021.01.16"]
[Round "8"]
[White "Seidi Hallaj, Seideh Hasti"]
[Black "Safari, Negar"]
[Result "1/2-1/2"]
[WhiteElo "1627"]
[BlackElo "1372"]
[PlyCount "153"]
[EventDate "2021.01.16"]
[EventType "swiss"]
[EventRounds "9"]
[EventCountry "IRI"]
[SourceTitle "EXT 2022"]
[Source "ChessBase"]
[SourceDate "2021.10.06"]
[SourceVersion "1"]
[SourceVersionDate "2021.10.06"]
[SourceQuality "1"]

1. c4 c6 2. g3 d5 3. Bg2 Nf6 4. Nf3 Bf5 5. 0-0 e6 6. b3 Be7 7. Bb2 0-0 8. Nh4 Bg6 9. Nxg6 hxg6 10. d4 Nbd7 11. Nd2 dxc4 12. Nxc4 Nb6 13. e4 c5 14. d5 exd5 15. Nxb6 axb6 16. exd5 Qd6 17. Re1 Rad8 18. Qe2 Rfe8 19. Rad1 Bf8 20. Be5 Qd7 21. Qb2 Qf5 22. Bxf6 Rxe1+ 23. Rxe1 Qxf6 24. Qxf6 gxf6 25. f4 Bd6 26. Kf2 Kf8 27. Kf3 Re8 28. Rh1 Ra8 29. a4 b5 30. Ra1 bxa4 31. bxa4 b5 32. a5 b4 33. a6 Ra7 34. Bf1 Ke7 35. Bc4 Kd7 36. g4 g5 37. fxg5 fxg5 38. h3 Be5 39. Re1 Bc3 40. Rf1 Bd4 41. Ke4 f6 42. Kf5 Kd6 43. Re1 Be5 44. Rh1 Rh7 45. Kg6 Ra7 46. h4 gxh4 47. Rxh4 b3 48. Rh7 Rxh7 49. Kxh7 b2 50. Bd3 Kc7 51. Kg6 Kb6 52. Kf5 c4 53. Bb1 Bc3 54. d6 Kxa6 55. d7 Ba5 56. Ke6 Bd8 57. Kf7 Kb7 58. Ke6 Kc7 59. Bf5 c3 60. Kd5 b1Q 61. Bxb1 Kxd7 62. Kc4 Ke6 63. Kxc3 Kf7 64. Kd4 Bb6+ 65. Ke4 Bc7 66. Kd5 Bf4 67. Bf5 Bg5 68. Be6+ Kg6 69. Kd6 Bf4+ 70. Ke7 Bg5 71. Bf7+ Kg7 72. Bh5 Bh4 73. Ke6 Bg5 74. Kf5 Bh4 75. Ke6 Bg5 76. Bf7 Bh4 77. Bh5 1/2-1/2